Brill's Companion to Sieges in the Ancient Mediterranean /
"Brill's Companion to Sieges in the Ancient Mediterranean is a wide-ranging exploration of sieges and siege warfare as practiced and experienced by the cultures which lived around the ancient Mediterranean basin. From Pharaonic Egypt to Renaissance Italy, and from the Neo-Assyrian Empire t...
مؤلفون آخرون: ,
التنسيق: كتاب الكتروني
اللغة: English
منشور في:
Leiden Boston :
BRILL,
2020.
سلاسل:
Brill's Companions to Classical Studies;
volume 3.
Brill's Companions to Classical Studies Online V, ISBN: 9789004420878.
الموضوعات:
الوصول للمادة أونلاين: Login to view Source
الوسوم: إضافة وسم
رقم الطلب: UG443 .B78 2019
| LEADER | 02451cam a22004935i 4500 | ||
|---|---|---|---|
| 001 | BRILL9789004413740 | ||
| 003 | nllekb | ||
| 005 | 20230529210013.0 | ||
| 006 | m d | ||
| 007 | cr un uuuua | ||
| 008 | 190923s2019 ne b 001 0 eng | ||
| 020 | |a 9789004413740 |q (electronic book) | ||
| 020 | |z 9789004373617 |q (print) | ||
| 024 | 7 | |a 10.1163/9789004413740 |2 DOI | |
| 035 | |a (OCoLC)1121420729 | ||
| 040 | |a NL-LeKB |c NL-LeKB |e rda | ||
| 043 | |a mm----- | ||
| 050 | 0 | 0 | |a UG443 |b .B78 2019 |
| 072 | 7 | |a HBLA1 |2 bicssc | |
| 072 | 7 | |a HIS |x 02000 |2 bisacsh | |
| 072 | 7 | |a HIS |x 39000 |2 bisacsh | |
| 082 | 0 | 0 | |a 355.4/40937 |2 23 |
| 245 | 0 | 0 | |a Brill's Companion to Sieges in the Ancient Mediterranean / |c edited by Jeremy Armstrong, Matthew Trundle. |
| 264 | 1 | |a Leiden Boston : |b BRILL, |c 2020. | |
| 300 | |a 1 online resource. | ||
| 336 | |a text |b txt |2 rdacontent | ||
| 337 | |a unmediated |b n |2 rdamedia | ||
| 338 | |a volume |b nc |2 rdacarrier | ||
| 490 | 1 | |a Brill's Companions to Classical Studies; |v volume 3 | |
| 490 | 1 | |a Brill's Companions to Classical Studies Online V, ISBN: 9789004420878 | |
| 504 | |a Includes bibliographical references and index. | ||
| 520 | |a "Brill's Companion to Sieges in the Ancient Mediterranean is a wide-ranging exploration of sieges and siege warfare as practiced and experienced by the cultures which lived around the ancient Mediterranean basin. From Pharaonic Egypt to Renaissance Italy, and from the Neo-Assyrian Empire to Hellenistic Greece and Roman Gaul, case studies by leading experts probe areas of both synergy and divergence within this distinctive form of warfare amongst the cultures in this broadly shared environment". | ||
| 559 | 0 | 0 | |a UG443 .B78 2019 |
| 650 | 0 | |a Siege warfare |x History |y To 1500. | |
| 650 | 0 | |a Siege warfare |z Mediterranean Region |x History. | |
| 700 | 1 | |a Armstrong, Jeremy, |e editor. | |
| 700 | 1 | |a Trundle, Matthew, |d 1965- |e editor. | |
| 776 | 0 | 8 | |i Print version: |t Brill's Companion to Sieges in the Ancient Mediterranean, |d Leiden Boston: BRILL, 2020 |w 9789004373617 |
| 830 | 0 | |a Brill's Companions to Classical Studies; |v volume 3. | |
| 830 | 0 | |a Brill's Companions to Classical Studies Online V, ISBN: 9789004420878. | |
| 856 | 4 | |z DOI: |u http://dx.doi.org/10.1163/9789004413740 | |
| 942 | |2 lcc |c EBOOK | ||
| 952 | |0 0 |1 0 |2 lcc |4 0 |6 UG0443 B78 02019 |7 1 |9 47725 |a BRILL |b BRILL |d 2023-05-29 |l 0 |o UG443 .B78 2019 |r 2023-05-29 00:00:00 |w 2023-05-29 |y EBOOK | ||
| 999 | |c 53069 |d 53069 | ||
